000 00677nam a22002297a 4500
003 UA-OsUOA
001 51700
007 ta
008 20141008b un ||||| |||| 00| 0 ukr d
090 _a082
_bН35
942 _cBK
040 _aUA-OsUOA
_bukr
_cUA-OsUOA
_dUA-OsUOA
245 _aНаціональні інтереси
_bЗб. наук. праць
_cВипуск 10
300 _a220 с.
955 _a1
041 _aukr
080 _a082
260 _aЛьвів
_c2004
650 7 _a08 Видання. Колективні праці
_2UDC
999 _c431826
_d431826